00351nam a2200121Ia 4500008004100000082001600041100002600057245004400083250000800127260006400135300001000199650002000209150201s2002 xx 000 0 und d a611bH2002F aNAJI'S ,AHMED, FARUQI aHUMAN OSTEOLOGY(A CLINICAL ORIENTATION) a2ND bC.B.S PUBLISHERS & DISTRIBUTERSaDARYAGANJ(NEW DELHI)c2002 a1-481 aHUMAN OSTEOLOGY